Loading...
History - European History | 0 | 3 | 0 | 0 | 30 | 103 | 106.67 | 0 | 3 |
Science - Other Science | 0 | 2 | 0 | 0 | 20 | 80 | 80.00 | 0 | 2 |
Religion | 0 | 2 | 0 | 0 | 20 | 122 | 132.00 | 2 | 2 |
Social Science | 0 | 1 | 0 | 0 | 10 | 72 | 72.00 | 1 | 1 |
Literature - American Literature | 0 | 1 | 0 | 0 | 10 | 130 | 130.00 | 0 | 1 |
Other | 0 | 1 | 0 | 1 | 10 | 123 | 123.00 | 0 | 1 |
Science - Physics | 0 | 1 | 0 | 0 | 10 | 115 | 115.00 | 0 | 1 |
Science - Chemistry | 0 | 1 | 1 | 0 | 5 | 93 | 93.00 | 0 | 1 |
Literature - European Literature | 0 | 0 | 0 | 0 | 0 | 0.00 | 0 | 0 | |
Literature - World Literature | 0 | 0 | 0 | 0 | 0 | 0.00 | 0 | 0 | |
Fine Arts - Painting & Sculpture | 0 | 0 | 0 | 0 | 0 | 0.00 | 0 | 0 | |
History - American History | 0 | 0 | 2 | 0 | -10 | 0.00 | 0 | 0 |